Nothing But Danger (Record no. 194826)
[ view plain ]
| 000 -LEADER | |
|---|---|
| fixed length control field | 00519 a2200145 4500 |
| 003 - CONTROL NUMBER IDENTIFIER | |
| control field | Nust |
| 005 - DATE AND TIME OF LATEST TRANSACTION | |
| control field | 20170207154204.0 |
| 040 ## - CATALOGING SOURCE | |
| Transcribing agency | Nust |
| 082 ## - DEWEY DECIMAL CLASSIFICATION NUMBER | |
| Classification number | 355.5 |
| 100 ## - MAIN ENTRY--PERSONAL NAME | |
| Personal name | C.Hanighen, Frank |
| 245 ## - TITLE STATEMENT | |
| Title | Nothing But Danger |
| Statement of responsibility, etc. | Frank C.Hanighen, |
| 260 ## - PUBLICATION, DISTRIBUTION, ETC. | |
| Place of publication, distribution, etc. | George G. Harrap & Co Ltd |
| Name of publisher, distributor, etc. | London |
| Date of publication, distribution, etc. | 1940 |
| 300 ## - PHYSICAL DESCRIPTION | |
| Extent | 277 p |
| 505 ## - FORMATTED CONTENTS NOTE | |
| Formatted contents note | Revolution on the Ramblas (Page-13) Assignments in Hell (Page-47) I Hate War (Page-73) Through the Enemy's Lines (Page-91) I Cover the Waterfront (Page-113) Seen From a Skyscraper (Page-137) |
| 942 ## - ADDED ENTRY ELEMENTS (KOHA) | |
| Source of classification or shelving scheme | |
| Koha item type | Book |
| Withdrawn status | Lost status | Source of classification or shelving scheme | Damaged status | Not for loan | Collection code | Permanent Location | Current Location | Date acquired | Total Checkouts | Full call number | Barcode | Date last seen | Price effective from | Koha item type |
|---|---|---|---|---|---|---|---|---|---|---|---|---|---|---|
| Military College of Signals (MCS) | Military College of Signals (MCS) | 12/12/2016 | 355.5 HAN | MCS29338 | 12/08/2016 | 12/12/2016 | Book |
